000 00485nam a2200157Ia 4500
001 21069
003 GE_BSU
008 181216s||||||||xx |||||||||||||| ||und||
040 _cGE_BSU
245 _aВопросы экономики №5, Май 2017
245 _cРед,кол:О.И.Ананьин,Р.С.Гриберг, и др
653 _aВопросы экономики №5, Май 2017
653 _aПериодика
653 _aპერიოდიკა
942 _cCR
999 _c54017
_d54017